00642nam a2200193Ia 4500952013100000999001700131003000400148005001700152008004100169020001800210040000900228082002200237100003700259245003900296260004200335300000900377650001200386942005000398 00102ddc40708SSaMESbMEScMALd2019-02-20g75.00l0o894.812301 POY/Tp37917r2019-02-20 00:00:00w2019-02-20yBKzGR30R3 c29981d29981OSt20201228125902.0190216s9999||||xx |||||||||||||| ||und|| a9788188014101 coclc a894.812301bPOY/T aPoythumkadavu, Shihabuddin96426 0aThala /cShihabuddin Poythumkadavu bLipi Publications,c2010.aKozhikode: a102p aStories cBK2ddch894.812301iPOY/Tk894.812301mPOY/T